Cosmopolitan theology : (Record no. 1623)

MARC details
000 -LEADER
fixed length control field 02002cam a2200361 i 4500
001 - CONTROL NUMBER
control field data
005 - DATE AND TIME OF LATEST TRANSACTION
control field 20260322212109.0
008 - FIXED-LENGTH DATA ELEMENTS--GENERAL INFORMATION
fixed length control field data
035 ## - SYSTEM CONTROL NUMBER
System control number 18305730
010 ## - LIBRARY OF CONGRESS CONTROL NUMBER
LC control number 2014453507
020 ## - INTERNATIONAL STANDARD BOOK NUMBER
International Standard Book Number 0827205341
020 ## - INTERNATIONAL STANDARD BOOK NUMBER
International Standard Book Number 9780827205345
035 ## - SYSTEM CONTROL NUMBER
System control number (OCoLC)829386769
040 ## - CATALOGING SOURCE
Original cataloging agency YDXCP
Language of cataloging eng
Transcribing agency YDXCP
Modifying agency DLC
-- BDX
Description conventions rda
Modifying agency ZCU
-- OCLCF
-- DLC
042 ## - AUTHENTICATION CODE
Authentication code pcc
050 00 - LIBRARY OF CONGRESS CALL NUMBER
Classification number BT40
Item number .K365 2013
100 1# - MAIN ENTRY--PERSONAL NAME
Personal name Kang, Namsoon,
Relator term author.
245 10 - TITLE STATEMENT
Title Cosmopolitan theology :
Remainder of title reconstituting planetary hospitality, neighbor-love, and solidarity in an uneven world /
Statement of responsibility, etc. Namsoon Kang.
264 #1 - PRODUCTION, PUBLICATION, DISTRIBUTION, MANUFACTURE, AND COPYRIGHT NOTICE
Place of production, publication, distribution, manufacture St. Louis :
Name of producer, publisher, distributor, manufacturer Chalice Press,
Date of production, publication, distribution, manufacture, or copyright notice 2013.
300 ## - PHYSICAL DESCRIPTION
Extent x, 252 pages ;
Dimensions 23 cm
336 ## - CONTENT TYPE
Content type term text
Content type code txt
Source rdacontent
337 ## - MEDIA TYPE
Media type term unmediated
Media type code n
Source rdamedia
338 ## - CARRIER TYPE
Carrier type term volume
Carrier type code nc
Source rdacarrier
504 ## - BIBLIOGRAPHY, ETC. NOTE
Bibliography, etc. note Includes bibliographical references (pages 215-236) and index.
520 ## - SUMMARY, ETC.
Summary, etc. In Cosmopolitan Theology, author Namsoon Kang proposes a theology that embraces and at the same time moves beyond collective identity position and group-based allegiances. It crosses borders of gender, race, nationality, religion, ethnicity, sexuality, and ability. Kang offers a vision of a global community of radical inclusion, solidarity, and deep compassion and justice for others. Blending theology with philosophy, she crosses borders of academism and activism, and the discursive borders of modernism, postmodernism, feminism, and postcolonialism. Cosmopolitan Theology sheds a new light both in academia and the community of Christian believers by providing a public relevance of Jesus' teaching of neighbor-love, hospitality, and solidarity in our world today.
650 #0 - SUBJECT ADDED ENTRY--TOPICAL TERM
Topical term or geographic name entry element Philosophical theology.
650 #0 - SUBJECT ADDED ENTRY--TOPICAL TERM
Topical term or geographic name entry element Theology.
650 #7 - SUBJECT ADDED ENTRY--TOPICAL TERM
Topical term or geographic name entry element Philosophical theology.
Source of heading or term fast
Authority record control number or standard number (OCoLC)fst01060773
650 #7 - SUBJECT ADDED ENTRY--TOPICAL TERM
Topical term or geographic name entry element Theology.
Source of heading or term fast
Authority record control number or standard number (OCoLC)fst01149559
906 ## - LOCAL DATA ELEMENT F, LDF (RLIN)
a 7
b cbc
c pccadap
d 2
e ncip
f 20
g y-gencatlg
925 0# -
-- acquire
-- 1 shelf copy
-- policy default
Holdings
Withdrawn status Lost status Damaged status Not for loan Home library Current library Shelving location Date acquired Total checkouts Full call number Barcode Date last seen Price effective from Koha item type
        Institut Protestant de Théologie Institut Protestant de Théologie General stacks 22/03/2026   BT40 LOC-IPT-00014 22/03/2026 22/03/2026 Books